000 00650nam a22001937a 4500
999 _c171223
_d171223
005 20200109104003.0
010 _aENG-127301
020 _c1195.00
_a978019946819
035 _aEN-110833
037 _bDBAD/PUB.
082 _a754.51
100 _aSaikia,Arupjyoti
245 _aStrengthening Policy Research:
_cby Arupjyoti Saikia.
_ba biography of the brahmaputra /
260 _aNew Delhi
_boxford University press 2019.
_c2019
270 _a22 workspace,2nd floor,1/22 Asaf Ali Road .
_bNew Delhi
_e110002
300 _axxxv,393p.
_c22cm.(hb)
500 _aIt includes Bibliography index
942 _2ddc
_cEN
_mSAI
_h954.51